Ejercicios y problemas de álgebra lineal

Bibliographic Details
Main Authors: Rojo, Jesús, Martín, Isabel
Format: Section = Libro
Language:Undetermined
Spanish
Published: España McGraw-Hill 2005
Edition:2a.ed.
Subjects:
LEADER 00658nam a2200241Ia 4500
008 240829s9999 xx 000 0 und d
020 |a 84-481-9858-1 
040 |a BIBLIOTECA-RUSB/ 512.5 R741 
041 |a spa 
082 |a 512.5 R741 
100 1 |a Rojo, Jesús 
100 1 |b  Martín, Isabel 
245 1 0 |a Ejercicios y problemas de álgebra lineal 
250 |a 2a.ed. 
260 |a España  |b McGraw-Hill  |c 2005 
300 |a 419 p. :il. 
650 7 |a ALGEBRA LINEAL - PROBLEMAS Y EJERCICIOS 
650 7 |b  ESPACIOS VECTORIALES 
650 7 |c  DETERMINANTES 
650 7 |d  SISTEMAS - ECUACIONES LINEALES 
942 |c BK  |2 ddc 
991 |a TEXTO 
999 |c 1477